Statistics for Battlefield towns

Click here to take the quiz!

General Stats

  • This quiz has been taken 8 times
  • The average score is 5 of 15

Answer Stats

TownBattle% Correct
VolgogradStalingrad
100%
AzincourtAgincourt
63%
SharpsburgAntietam
50%
HoniaraGuadalcanal
50%
InvernessCulloden
38%
BastogneThe Bulge
38%
BapaumeThe Somme
38%
Cadiz & TangierTrafalgar
38%
Slavkov u BrnaAusterlitz
25%
DroghedaThe Boyne
25%
OlkhovatkaKursk
13%
NovomoskovskMoscow
13%
SézanneThe Marne
13%
ArmentiereYpres
13%
PlancenoitWaterloo
0%

Score Distribution

Percentile by Number Answered

Percent of People with Each Score

Your Score History

You have not taken this quiz